000 00942nam a22002177a 4500
003 OSt
005 20170608093028.0
008 140214b2012 slv spa
040 _cBMC
082 _a624
100 1 _934285
_aMendoza Cuellar, Demar Armando
245 1 0 _aPasantía en Servicios Internacionales de la Construcción S.A. de C.V.
_b: Informe final
_cDemar Armando Mendoza Cuellar
260 _aSanta Ana (San Salvador)
_bUniversidad Católica de El Salvador
_c2012
300 _a94 h.
_bil. col.
_c27 cm
_e+ 1 disco compacto
500 _aPrecede al tít.: Universidad Católica de El Salvador, Facultad de Ingeniería y Arquitectura
500 _aPeríodo de realización: del 31 de enero al 31 de julio de 2012
502 _aPara optar al título de: Ingeniero cívil
650 2 4 _98218
_aIngeniería civil
710 2 _91166
_aUniversidad Católica de El Salvador
_bFacultad de Ingeniería y Arquitectura
942 _2ddc
_cTG
999 _c20846
_d20846